000 00456nam a2200181Ia 4500
001 3611
005 20260306145656.0
008 260306t2004||||xx |||||||||||||| ||spa||
041 _aESP
082 _a300
_bP47
100 _aPetras, James (comp.)
_eAUT
245 0 _aLas privatizaciones y la desnacionalización de América Latina
260 _c2004
300 _a238 páginas :
_c21cm.
650 _aGEN
654 _aCHU
942 _cLIB
_dJUS
_fJUS
_2ddc
_n
999 _c3611
_d3611